IFM Opac

Lumepenbourgeoisie: Lumempendevelopment (Record no. 7903)

MARC details
000 -LEADER
fixed length control field 00420nam a2200145Ia 4500
008 - FIXED-LENGTH DATA ELEMENTS--GENERAL INFORMATION
fixed length control field 150509s9999 xx 000 0 und d
082 ## - DEWEY DECIMAL CLASSIFICATION NUMBER
Classification number 301.18 FRA
100 ## - MAIN ENTRY--PERSONAL NAME
Personal name Frank, Andre Gunder
245 ## - TITLE STATEMENT
Title Lumepenbourgeoisie: Lumempendevelopment
260 ## - PUBLICATION, DISTRIBUTION, ETC.
Place of publication, distribution, etc. New York:
260 ## - PUBLICATION, DISTRIBUTION, ETC.
Name of publisher, distributor, etc. Monthly Review Press
300 ## - PHYSICAL DESCRIPTION
Extent 151p.
500 ## - GENERAL NOTE
General note translated from the Spanish by Morion Davis Berdecio
650 ## - SUBJECT ADDED ENTRY--TOPICAL TERM
Topical term or geographic name entry element Social psycology, ground
Holdings
Withdrawn status Lost status Source of classification or shelving scheme Damaged status Not for loan Home library Current library Shelving location Date acquired Total Checkouts Full call number Barcode Date last seen Price effective from Koha item type
Withdrawn   Dewey Decimal Classification     IFM Main Campus Library IFM Main Campus Library Archival Collection 05/15/2015   301.18 FRA 0000007148 05/15/2015 05/15/2015 Books